00705nam a2200229 a 4500001001300000003000900013005001700022008004100039020000900080082001600089100002300105245007400128260003800202300000800240500003500248650002200283700002300305902000800328942000700336952011500343999001700458nice12345678IN_TiNIC20260116014850.0110111s2010 newa grp 000 0 eng  ac3000a339.46bMUK aMukherjee, Amitava aMicro-Level Hunder in Contemporary Indiab Perspectives of the Hungry aNew Delhi bNavdanya/rfste c2010 a39p aincludes index and biblioraphy aEconomics-Poverty1 aMukherjee, Amitava bSRS cBK 001040708StackRoom-aHMIbHMId2011-01-11g30.00l0o339.46 MUKp023435r2011-01-11v30.00w2011-01-11yBK c17335d17335